000 00351nam a22001457a 4500
008 230901b ||||| |||| 00| 0 eng d
020 _a9783886720233
041 _aeng
080 _2VOLUME4
_a338
082 _a338ALB
100 _a24
101 _aMBE
245 _aKNOWLEDGE ORGANIZATION AND QUALITY MANAGEMNET
_cALBRECHTSEN.H
942 _2udc
_cBK
999 _c60243
_d60243